00466nam a2200169Ia 4500003000400000008004100004040001600045082001800061100001700079245008600096260004800182300001000230650001900240650001200259650001600271650000900287GCL140319s9999 xx 000 0 eng d aGCL / cGCL04a746.0439bK M1 aKAWAS, WIDAD10aMEMOIRE DE SOIE: COSTUMES ET PARURES DE PALESTINE ET DE JORDAINE / cKAWAS, WIDAD a[S.N] : bINSTITUT DU MONDE ARABE ، c1988 a415 P04aART, PALESTINE04aTEXTILE04aART, JORDAN04aSILK